| 000 | 00484nam a2200157 4500 | ||
|---|---|---|---|
| 008 | 0 1991 0a 000 0USA | ||
| 020 | _a0-07-023983-5 | ||
| 050 | _aQA76.73 .C153 G741 | ||
| 082 | _a001.642.4 G659l | ||
| 100 | _aGraham Neill | ||
| 245 | _aLearning C++ / Neill,Graham. | ||
| 260 | _aUSA : McGraw-Hill | ||
| 300 | _ax, 422 p. / 23 cm. | ||
| 500 | _aIncluye contenido,apendices,glosario,indices. | ||
| 650 | _a1. C++(LENGUAJE DE PROGRAMACION PARA COMPUTADORAS) | ||
| 999 |
_c12065 _d12065 |
||